00484nam a2200145 a 450000100100000000500170001000800410002704000250006810000310009324500870012425000110021126000310022230000230025350000620027600003883120201002031403.0130426s2005 ck 000 0 spa d aDO-SdBNPbspacBNPHU1 aLegorreta, Deborah,d1954-10aVivir plenamente :bhacia el equilibrio y la calidad de vida /cDeborah Legorreta. a2a ed. aBogotá :bNorma ,c2005. a190 p. : ;c21 cm. aBreve biografía de la autora en la solapa de la portada